[Event "MMPONNR"]
[Site "Ogrodniczki k. Bialegostoku"]
[Date "2008.07.21"]
[Round "5.4"]
[White "Buzun, Michal"]
[Black "Lipski, Tadeusz"]
[Result "0-1"]
[WhiteElo "1896"]
[BlackElo "2140"]
[PlyCount "106"]
[EventDate "2008.??.??"]

1. e4 c5 2. Nf3 g6 3. d4 cxd4 4. Nxd4 Bg7 5. Be3 Nf6 6. Nc3 Nc6 7. Nxc6 bxc6 8.
e5 Nd5 9. Nxd5 cxd5 10. Qxd5 Rb8 11. Bxa7 Rxb2 12. Bd4 Rxc2 13. Bd3 Rc6 14. O-O
Ba6 15. Bxa6 Rxa6 16. a4 O-O 17. a5 Qa8 18. Qxd7 Rd8 19. Qa4 Rd5 20. Rfb1 Rdxa5
21. Qd1 Bxe5 22. Bxe5 Rxe5 23. Rxa6 Qxa6 24. Qd4 Qd6 25. Qb2 f6 26. Qb3+ Qd5
27. Qb8+ Kg7 28. Qb2 Qd3 29. Rf1 h5 30. Qb1 Qd7 31. Qb3 Re2 32. Qc3 Qf5 33. Qc4
Rc2 34. Qb4 Qe5 35. Re1 Re2 36. Rxe2 Qxe2 37. g3 g5 38. Kg2 Kg6 39. Qb8 Qe4+
40. Kg1 Kg7 41. Qe8 h4 42. Qh5 Qg6 43. Qe2 Qb1+ 44. Kg2 Qb7+ 45. Kh3 Qd7+ 46.
g4 Qd6 47. Kg2 Qd5+ 48. Kg1 Qe5 49. Qxe5 fxe5 50. h3 e4 51. Kf1 Kf6 52. Ke2 Ke5
53. Ke3 e6 0-1

[Event "MMPONNR"]
[Site "Ogrodniczki k. Bialegostoku"]
[Date "2008.07.21"]
[Round "5.5"]
[White "Koper, Ireneusz"]
[Black "Jaworski, Miroslaw"]
[Result "0-1"]
[WhiteElo "2025"]
[BlackElo "2374"]
[PlyCount "84"]
[EventDate "2008.??.??"]

1. e4 c5 2. Nc3 a6 3. g3 b5 4. Bg2 Bb7 5. d3 e6 6. Be3 Nf6 7. h3 Be7 8. Qd2 b4
9. Nce2 d5 10. e5 Nfd7 11. f4 Nc6 12. d4 O-O 13. Nf3 a5 14. O-O Ba6 15. Rf2 Qc7
16. Bf1 f6 17. exf6 Bxf6 18. Re1 Rae8 19. Nc1 Bxf1 20. Kxf1 cxd4 21. Nxd4 Nxd4
22. Bxd4 Qc4+ 23. Ne2 Bxd4 24. Qxd4 Qxc2 25. Kg2 Nf6 26. Nc3 Qg6 27. f5 exf5
28. Rxe8 Qxe8 29. Nxd5 Qa8 30. Rxf5 Rd8 31. Kh2 Rxd5 32. Rxd5 Qxd5 33. Qa7 Qxa2
34. Qb8+ Kf7 35. Qe5 Qd5 36. Qc7+ Kg6 37. g4 Qd2+ 38. Kg3 Ne4+ 39. Kf3 Qd3+ 40.
Kg2 Qe2+ 41. Kh1 Qf1+ 42. Kh2 Qf2+ 0-1

[Event "MMPONNR"]
[Site "Ogrodniczki k. Bialegostoku"]
[Date "2008.07.21"]
[Round "5.7"]
[White "Bieluczyk, Bogdan"]
[Black "Pela, Edward"]
[Result "1-0"]
[WhiteElo "2233"]
[BlackElo "1915"]
[PlyCount "77"]
[EventDate "2008.??.??"]

1. e4 c5 2. Nf3 d6 3. d4 cxd4 4. Nxd4 Nf6 5. Nc3 Nc6 6. Bg5 h6 7. Bxf6 gxf6 8.
Bc4 h5 9. h4 Qb6 10. Bb5 Bd7 11. Nb3 f5 12. Nd5 Qd8 13. exf5 Bxf5 14. Qf3 Bd7
15. O-O-O Bg7 16. Qg3 Kf8 17. f3 Rc8 18. Rhe1 Be6 19. Kb1 a6 20. Bf1 b5 21. Qf2
Bxd5 22. Rxd5 e6 23. Rd2 Ne5 24. c3 d5 25. Nd4 Rh6 26. f4 Ng4 27. Qg3 Bf6 28.
Qd3 Bxh4 29. g3 Bf6 30. Rxe6 Bxd4 31. Rxh6 Bg7 32. Rxh5 Nf6 33. Re5 b4 34. cxb4
a5 35. b5 a4 36. Qa3+ Kg8 37. Qxa4 Ra8 38. Qb3 Qa5 39. Rd1 1-0

[Event "MMPONNR"]
[Site "Ogrodniczki k. Bialegostoku"]
[Date "2008.07.21"]
[Round "5.8"]
[White "Cylwik, Zbigniew"]
[Black "Wolski, Jerzy"]
[Result "1-0"]
[WhiteElo "2089"]
[BlackElo "1961"]
[PlyCount "95"]
[EventDate "2008.??.??"]

1. Nf3 Nf6 2. b3 d6 3. d4 g6 4. e3 Bg7 5. Bb2 a5 6. Be2 b6 7. O-O O-O 8. c4 c5
9. Nc3 Nc6 10. Qc1 Bf5 11. Rd1 Qc8 12. Ne1 cxd4 13. exd4 Ng4 14. Nd5 Rb8 15.
Bf3 e6 16. Ne3 Nxe3 17. Qxe3 e5 18. Bxc6 Qxc6 19. dxe5 dxe5 20. Rd2 Rfe8 21.
Rad1 Bf8 22. h3 f6 23. Bc3 Be7 24. Nf3 Red8 25. Nxe5 Rxd2 26. Rxd2 Qc5 27. Qxc5
bxc5 28. Nc6 Rb7 29. Nxe7+ Rxe7 30. Bxa5 Re8 31. Bc3 Kf7 32. f3 Be6 33. Kf2 Rb8
34. Ba5 Rb7 35. h4 h5 36. Ke3 Re7 37. Kf2 Rb7 38. Ke2 Re7 39. Kd1 Rb7 40. Kc2
g5 41. hxg5 fxg5 42. Bd8 g4 43. fxg4 hxg4 44. g3 Ra7 45. Kb2 Rb7 46. Kc3 Ke8
47. Bg5 Rf7 48. Rd8# 1-0

[Event "MMPONNR"]
[Site "Ogrodniczki k. Bialegostoku"]
[Date "2008.07.21"]
[Round "5.10"]
[White "Gigon, Stanislaw"]
[Black "Przybyl, Jozef"]
[Result "1-0"]
[WhiteElo "1953"]
[BlackElo "1935"]
[PlyCount "69"]
[EventDate "2008.??.??"]

1. e4 c5 2. Nf3 e6 3. d4 cxd4 4. Nxd4 a6 5. c4 Nf6 6. Nc3 Qc7 7. Be2 d6 8. O-O
Be7 9. Be3 O-O 10. f4 b6 11. f5 Nc6 12. Rc1 Nxd4 13. Qxd4 Rb8 14. b4 Nd7 15.
fxe6 fxe6 16. Rxf8+ Nxf8 17. Qd2 Bb7 18. Bg4 Bf6 19. Bd4 Bxd4+ 20. Qxd4 e5 21.
Qd3 Rd8 22. Rf1 Bc6 23. Nd5 Qb7 24. Qg3 Bxd5 25. cxd5 Qc7 26. Qf3 a5 27. a3
axb4 28. axb4 Ra8 29. h4 Qe7 30. h5 h6 31. Qf5 Ra4 32. Qc8 Ra7 33. Be6+ Kh7 34.
Qxf8 Qxf8 35. Rxf8 1-0

[Event "MMPONNR"]
[Site "Ogrodniczki k. Bialegostoku"]
[Date "2008.07.21"]
[Round "5.11"]
[White "Jagiela, Piotr"]
[Black "Buzas, Narvydas"]
[Result "1/2-1/2"]
[WhiteElo "1923"]
[BlackElo "1942"]
[PlyCount "56"]
[EventDate "2008.??.??"]

1. d4 d5 2. g3 c6 3. Bg2 Bf5 4. Nf3 h6 5. O-O Nd7 6. Nc3 Ngf6 7. a3 e6 8. b3
Qc7 9. Bb2 Be7 10. Nd2 O-O 11. e4 dxe4 12. Ndxe4 Nxe4 13. Nxe4 Nf6 14. Qe2 Rad8
15. Rad1 Rd7 16. Nc5 Rdd8 17. Nd3 Bg4 18. f3 Bf5 19. Rfe1 Qa5 20. Bf1 Qb6 21.
Qf2 Nd5 22. Nc5 Qc7 23. Bd3 Bxd3 24. Nxd3 Bf6 25. Ne5 Be7 26. Nd3 Bf6 27. Ne5
Be7 28. Nd3 Bf6 1/2-1/2

[Event "MMPONNR"]
[Site "Ogrodniczki k. Bialegostoku"]
[Date "2008.07.21"]
[Round "5.12"]
[White "Koszela, Stanislaw"]
[Black "Szydlowski, Wiktor"]
[Result "0-1"]
[WhiteElo "1937"]
[BlackElo "1850"]
[PlyCount "104"]
[EventDate "2008.??.??"]

1. Nf3 d5 2. g3 Nf6 3. Bg2 Bg4 4. O-O e6 5. c4 c6 6. b3 Nbd7 7. Bb2 Bd6 8. d3
O-O 9. Nbd2 Re8 10. h3 Bh5 11. g4 Bg6 12. Nh4 Nf8 13. Ndf3 h6 14. Qd2 Bh7 15.
g5 Nh5 16. gxh6 Bf4 17. e3 Bxh6 18. Qe2 dxc4 19. dxc4 Bd3 20. Qe1 Bxf1 21. Bxf1
Nh7 22. Rd1 Qe7 23. Qa5 c5 24. Ng2 b6 25. Qc3 Red8 26. Bd3 Ng5 27. Nxg5 Bxg5
28. Qe5 Qf6 29. Qe4 Qh6 30. Kh2 Bf6 31. Bc1 Qg6 32. Qf3 Qg5 33. Qe2 g6 34. f4
Qh6 35. e4 Rd7 36. e5 Be7 37. f5 Bg5 38. fxe6 fxe6 39. Qg4 Bxc1 40. Qxe6+ Rf7
41. Bxg6 Raf8 42. Bxf7+ Rxf7 43. Rd8+ Kg7 44. Qg4+ Qg5 45. e6 Re7 46. Qf3 Nf4
47. Qc3+ Kh6 48. Qh8+ Rh7 49. Qf8+ Kg6 50. Qg8+ Rg7 51. Qe8+ Kf5 52. Qf8+ Ke4
0-1

[Event "MMPONNR"]
[Site "Ogrodniczki k. Bialegostoku"]
[Date "2008.07.21"]
[Round "6.1"]
[White "Smirnov, Aleksander"]
[Black "Jurkiewicz, Krzysztof"]
[Result "1/2-1/2"]
[WhiteElo "2241"]
[BlackElo "2188"]
[PlyCount "111"]
[EventDate "2008.??.??"]

1. e4 c5 2. Nf3 d6 3. Bc4 Nf6 4. e5 dxe5 5. Nxe5 e6 6. Qe2 Bd6 7. f4 O-O 8. b3
Nc6 9. Nxc6 bxc6 10. O-O Nd5 11. g3 Qf6 12. c3 a5 13. a4 e5 14. fxe5 Qxe5 15.
Qxe5 Bxe5 16. Na3 Bh3 17. Re1 Rfe8 18. Bb2 h5 19. Bd3 Rad8 20. Nc4 Bc7 21. Bf1
Bxf1 22. Kxf1 h4 23. Kg2 hxg3 24. hxg3 Nf6 25. Rxe8+ Rxe8 26. Ba3 Nh5 27. Bxc5
Nxg3 28. Bd6 Bxd6 29. Nxd6 Re6 30. Nc4 Ne4 31. Ra2 f5 32. Nxa5 Rg6+ 33. Kf3 Kf7
34. d3 Rg3+ 35. Kf4 Rxd3 36. Kxf5 Nxc3 37. Rf2 Rd5+ 38. Kg4+ Ke6 39. Nxc6 Kd6
40. Na7 Ne4 41. Rf7 Nc5 42. Nb5+ Ke5 43. Na7 Kd6 44. Nc8+ Ke6 45. Re7+ Kf6 46.
a5 Rd4+ 47. Kf3 Rb4 48. Re3 Nxb3 49. a6 Nd4+ 50. Kg2 Rb2+ 51. Kh3 Ra2 52. a7
Nc6 53. Rf3+ Ke6 54. Rc3 Kf6 55. Rf3+ Ke6 56. Re3+ 1/2-1/2

[Event "MMPONNR"]
[Site "Ogrodniczki k. Bialegostoku"]
[Date "2008.07.21"]
[Round "6.3"]
[White "Jaworski, Miroslaw"]
[Black "Cylwik, Zbigniew"]
[Result "1-0"]
[WhiteElo "2374"]
[BlackElo "2089"]
[PlyCount "89"]
[EventDate "2008.??.??"]

1. d4 d5 2. c4 e6 3. Nf3 c6 4. Nbd2 Nf6 5. g3 Be7 6. Bg2 O-O 7. O-O b6 8. Qc2
Bb7 9. Rd1 Nbd7 10. e4 dxe4 11. Nxe4 Nxe4 12. Qxe4 Qc8 13. Qc2 Rd8 14. Bg5 Nf6
15. c5 h6 16. Bf4 Nd5 17. Bd2 bxc5 18. dxc5 a5 19. Ne5 Qc7 20. Re1 Bf6 21. Nc4
Be7 22. a3 a4 23. Bb4 Bf8 24. Ne5 Be7 25. Bh3 Bc8 26. Rad1 Bf6 27. Nc4 Bd7 28.
Qd2 Be8 29. Ba5 Qa7 30. Bxd8 Rxd8 31. Nd6 Rb8 32. Rb1 Qxc5 33. Ne4 Qe7 34.
Nxf6+ Qxf6 35. Bg2 Qd8 36. Qd4 Qa5 37. Rec1 Ra8 38. Rc5 Qa7 39. Rbc1 Qb7 40.
R1c2 Qb3 41. Be4 Qb7 42. R2c4 Qb3 43. Bc2 Qf3 44. Bxa4 Nb6 45. Bd1 1-0

[Event "MMPONNR"]
[Site "Ogrodniczki k. Bialegostoku"]
[Date "2008.07.21"]
[Round "6.4"]
[White "Krawczyk, Wieslaw"]
[Black "Bieluczyk, Bogdan"]
[Result "0-1"]
[WhiteElo "2120"]
[BlackElo "2233"]
[PlyCount "100"]
[EventDate "2008.??.??"]

1. e4 c5 2. d4 cxd4 3. c3 d3 4. Bxd3 Nc6 5. f4 d6 6. Be3 g6 7. Nf3 Bg7 8. O-O
Nf6 9. h3 O-O 10. Nbd2 Nd7 11. g4 Nc5 12. Bc2 b6 13. Qe1 Ba6 14. Rf2 Nd3 15.
Bxd3 Bxd3 16. f5 d5 17. exd5 Qxd5 18. Nh4 Bf6 19. Ng2 g5 20. h4 h6 21. hxg5
hxg5 22. Nf3 Ne5 23. Nh2 Kg7 24. Qd2 Nc4 25. Qe1 Nxe3 26. Qxe3 Qe4 27. Rd1 Qxe3
28. Nxe3 Be4 29. Rd7 Bc6 30. Rd1 Rad8 31. Rfd2 Rxd2 32. Rxd2 Be5 33. Nhf1 Bf4
34. Kf2 Rh8 35. c4 e6 36. b4 b5 37. a4 bxc4 38. b5 Be4 39. Rd7 exf5 40. gxf5 c3
41. Rd4 c2 42. Rc4 Rh1 43. Rxc2 Bxc2 44. Nxc2 Rh8 45. Nfe3 Rc8 46. Kf3 Rc3 47.
Ke4 Bxe3 48. Nxe3 Ra3 49. Kd4 Rxa4+ 50. Kc5 g4 0-1

[Event "MMPONNR"]
[Site "Ogrodniczki k. Bialegostoku"]
[Date "2008.07.21"]
[Round "6.5"]
[White "Gorski, Jan"]
[Black "Szneider, Kazimierz"]
[Result "0-1"]
[WhiteElo "2100"]
[BlackElo "1956"]
[PlyCount "55"]
[EventDate "2008.??.??"]

1. d4 d6 2. Nf3 Nf6 3. Bg5 Nbd7 4. e3 c6 5. Nbd2 e5 6. Bd3 Be7 7. O-O Qc7 8. c4
O-O 9. a3 Re8 10. b4 Bf8 11. Qc2 g6 12. Rfe1 Bg7 13. h3 Nf8 14. dxe5 dxe5 15.
Bxf6 Bxf6 16. Ne4 Bg7 17. c5 h6 18. Nd6 Re7 19. Rad1 Be6 20. Bc4 Rd8 21. Rd2
Rdd7 22. Red1 a5 23. Qe4 Kh7 24. g4 Bxc4 25. Qxc4 Re6 26. Kg2 Rd8 27. Nh2 Qe7
28. Nf1 0-1

[Event "MMPONNR"]
[Site "Ogrodniczki k. Bialegostoku"]
[Date "2008.07.21"]
[Round "6.6"]
[White "Flazinski, Jozef"]
[Black "Gigon, Stanislaw"]
[Result "0-1"]
[WhiteElo "2036"]
[BlackElo "1953"]
[PlyCount "92"]
[EventDate "2008.??.??"]

1. e4 d6 2. d4 Nf6 3. Nc3 g6 4. Nf3 Bg7 5. h3 c6 6. Be3 O-O 7. Qd2 b5 8. a3 Qc7
9. e5 dxe5 10. Nxe5 Nbd7 11. Nf3 Nb6 12. Bd3 Be6 13. O-O Nc4 14. Bxc4 Bxc4 15.
Rfe1 Rfd8 16. b3 Bd5 17. Nxd5 cxd5 18. Bf4 Qb7 19. a4 b4 20. Ne5 a5 21. c3 bxc3
22. Qxc3 Rdc8 23. Qf3 e6 24. Rac1 Nd7 25. Rc3 Nxe5 26. Bxe5 Bxe5 27. dxe5 Rc6
28. Rec1 Rac8 29. Qd3 Qb6 30. g3 Kf8 31. Qd2 Rc5 32. Kg2 h5 33. Rxc5 Rxc5 34.
Qe3 d4 35. Qh6+ Kg8 36. Rxc5 Qxc5 37. Qf4 Qd5+ 38. Kf1 d3 39. Ke1 Qxb3 40. Qd2
Qxa4 41. Qxd3 Qa1+ 42. Kd2 Qxe5 43. h4 Qd5 44. Kc3 Qxd3+ 45. Kxd3 Kg7 46. Kc4
Kf6 0-1

[Event "MMPONNR"]
[Site "Ogrodniczki k. Bialegostoku"]
[Date "2008.07.21"]
[Round "6.7"]
[White "Swiebocki, Jan"]
[Black "Buzun, Michal"]
[Result "0-1"]
[WhiteElo "1997"]
[BlackElo "1896"]
[PlyCount "90"]
[EventDate "2008.??.??"]

1. e4 c5 2. Nf3 d6 3. d4 cxd4 4. Nxd4 Nf6 5. Nc3 g6 6. f4 Nc6 7. Bb5 Bd7 8. Be3
Bg7 9. Qd2 Ng4 10. Bxc6 bxc6 11. Nb3 Nxe3 12. Qxe3 a5 13. a4 c5 14. Ra2 Rb8 15.
e5 dxe5 16. fxe5 c4 17. Nd2 Qc7 18. Nf3 Bg4 19. Nb5 Qd7 20. O-O O-O 21. Re1
Bxf3 22. Qxf3 Qd2 23. Qe2 Rbd8 24. Raa1 Rd5 25. Nc3 Qxe2 26. Rxe2 Rxe5 27. Rxe5
Bxe5 28. Re1 Bxc3 29. bxc3 e6 30. Re5 Rb8 31. Rxa5 Rb1+ 32. Kf2 Rb2 33. Ke3
Rxc2 34. Kd4 Rxg2 35. Kxc4 Rxh2 36. Rc5 Ra2 37. a5 h5 38. Kb4 h4 39. Rg5 h3 40.
Rg3 h2 41. Rh3 Re2 42. c4 g5 43. c5 g4 44. Rh4 g3 45. c6 Rc2 0-1

[Event "MMPONNR"]
[Site "Ogrodniczki k. Bialegostoku"]
[Date "2008.07.21"]
[Round "6.8"]
[White "Szydlowski, Wiktor"]
[Black "Wolski, Jerzy"]
[Result "1/2-1/2"]
[WhiteElo "1850"]
[BlackElo "1961"]
[PlyCount "81"]
[EventDate "2008.??.??"]

1. e4 e6 2. d4 d5 3. Nc3 Bb4 4. a3 Bxc3+ 5. bxc3 dxe4 6. Qg4 Nf6 7. Qxg7 Rg8 8.
Qh6 Rg6 9. Qd2 b6 10. Ne2 Ba6 11. Nf4 Rg8 12. Bxa6 Nxa6 13. Qe2 Nb8 14. O-O Nc6
15. h4 Qd7 16. Be3 Na5 17. c4 O-O-O 18. c5 Nd5 19. Qa6+ Kb8 20. cxb6 cxb6 21.
Bd2 Qb7 22. Qe2 Nxf4 23. Bxf4+ Ka8 24. c4 Rxd4 25. c5 bxc5 26. Be3 Rd3 27. Bxc5
Nb3 28. Rab1 e3 29. g3 exf2+ 30. Rxf2 Qd5 31. Be3 Qe4 32. Re1 f5 33. Rf4 Qd5
34. Qc2 Nd2 35. Qc7 Qb7 36. Qxb7+ Kxb7 37. Bxd2 Rxd2 38. Rxe6 Rc8 39. Re7+ Kb6
40. Rxf5 Rc1+ 41. Rf1 1/2-1/2

[Event "MMPONNR"]
[Site "Ogrodniczki k. Bialegostoku"]
[Date "2008.07.21"]
[Round "6.9"]
[White "Pela, Edward"]
[Black "Koper, Ireneusz"]
[Result "1-0"]
[WhiteElo "1915"]
[BlackElo "2025"]
[PlyCount "91"]
[EventDate "2008.??.??"]

1. Nf3 Nf6 2. d4 g6 3. c4 Bg7 4. Nc3 d5 5. Bg5 Ne4 6. cxd5 Nxg5 7. Nxg5 e6 8.
Qd2 h6 9. Nf3 exd5 10. e3 O-O 11. b4 f5 12. Rc1 Be6 13. Be2 Nd7 14. O-O Nf6 15.
Ne5 Kh7 16. Qc2 a6 17. Na4 c6 18. Nc5 Qe7 19. a4 Ne4 20. Ncd3 Nd6 21. Nc5 Bxe5
22. dxe5 Ne4 23. Nxe6 Qxe6 24. f4 Rfd8 25. Bd3 Qe7 26. Rb1 a5 27. b5 c5 28. b6
Rac8 29. Rb5 c4 30. Bxe4 dxe4 31. h3 Rd3 32. Rxa5 Qb4 33. Rb5 Qd2 34. Qxd2 Rxd2
35. e6 Kg7 36. a5 c3 37. a6 bxa6 38. b7 Rb8 39. Rc5 c2 40. e7 Kf7 41. Rc8 Kxe7
42. Rxb8 Rd1 43. Rc8 Rxf1+ 44. Kxf1 c1=Q+ 45. Rxc1 a5 46. b8=Q 1-0

[Event "MMPONNR"]
[Site "Ogrodniczki k. Bialegostoku"]
[Date "2008.07.21"]
[Round "6.10"]
[White "Wajda, Mariusz"]
[Black "Jagiela, Piotr"]
[Result "1/2-1/2"]
[WhiteElo "1927"]
[BlackElo "1923"]
[PlyCount "51"]
[EventDate "2008.??.??"]

1. e4 d6 2. d4 g6 3. c4 Bg7 4. Nc3 Nc6 5. Be3 e6 6. Be2 Nf6 7. Qd2 h6 8. h3 Ne7
9. Nf3 c6 10. O-O d5 11. Bd3 Nd7 12. cxd5 exd5 13. exd5 Nxd5 14. Nxd5 cxd5 15.
Rfe1 Kf8 16. Bf4 Kg8 17. Re2 Nf8 18. Rae1 Be6 19. Ne5 Qb6 20. Bb1 Rc8 21. Be3
Nd7 22. f4 Nxe5 23. fxe5 Kh7 24. Rf2 Rhe8 25. h4 h5 26. Bg5 1/2-1/2

[Event "MMPONNR"]
[Site "Ogrodniczki k. Bialegostoku"]
[Date "2008.07.21"]
[Round "6.11"]
[White "Muller, Marcin"]
[Black "Koszela, Stanislaw"]
[Result "0-1"]
[WhiteElo "1735"]
[BlackElo "1937"]
[PlyCount "61"]
[EventDate "2008.??.??"]

1. e4 e5 2. Nf3 Nc6 3. Bc4 Be7 4. a3 Nf6 5. Nc3 O-O 6. d4 d6 7. d5 Nb8 8. h3
Nbd7 9. Be3 Nh5 10. Qd2 g6 11. g4 Ng7 12. Bd3 b6 13. Bh6 Nc5 14. Bb5 f5 15.
gxf5 gxf5 16. Rg1 Rf7 17. Ng5 Bxg5 18. Rxg5 Nxe4 19. Nxe4 fxe4 20. O-O-O Qf6
21. Rg3 Bf5 22. Rdg1 Bg6 23. R1g2 Nh5 24. Rg5 Nf4 25. R2g3 Kh8 26. h4 Nh5 27.
Rg2 Qf4 28. Qxf4 exf4 29. Bc6 Rb8 30. a4 f3 31. Rg1 0-1

[Event "MMPONNR"]
[Site "Ogrodniczki k. Bialegostoku"]
[Date "2008.07.21"]
[Round "6.14"]
[White "Pilimon, Zbigniew"]
[Black "Dulinski, Stanislaw"]
[Result "1-0"]
[WhiteElo "1728"]
[BlackElo "1851"]
[PlyCount "143"]
[EventDate "2008.??.??"]

1. d4 Nf6 2. c4 g6 3. Nc3 Bg7 4. e4 O-O 5. Bd3 d6 6. f3 c6 7. Be3 Nbd7 8. Nge2
e5 9. d5 c5 10. Qd2 Ne8 11. O-O f6 12. a3 g5 13. Ng3 Rf7 14. Nf5 Bf8 15. Ne2 h6
16. Neg3 Rh7 17. Nh5 Nb8 18. b4 Bxf5 19. exf5 b6 20. g3 Ng7 21. Nxg7 Rxg7 22.
Kh1 Nd7 23. Rg1 Qe7 24. b5 a5 25. bxa6 Rxa6 26. Rgb1 Kh7 27. Rb5 Rg8 28. Qc3
Bg7 29. Ra2 Rga8 30. Bc1 Qe8 31. Kg2 Bf8 32. Qe1 Be7 33. h3 Kg7 34. Bb2 Ra4 35.
Qe2 Bd8 36. Bc2 R4a5 37. Rb3 Nf8 38. Rb5 Rxb5 39. cxb5 Ra7 40. a4 Bc7 41. Bc1
Nd7 42. Be3 Qa8 43. Qc4 Qg8 44. Bb3 Ra8 45. Qg4 Kf7 46. Qh5+ Ke7 47. Qxh6 Qf7
48. h4 Rg8 49. hxg5 e4 50. gxf6+ Kd8 51. fxe4 Ne5 52. Bf4 Ng4 53. Qh4 Kc8 54.
Bg5 Ne5 55. Bd1 Qe8 56. Bh5 Qf8 57. Qf4 Nd3 58. Qe3 Nb4 59. Rd2 Rh8 60. Bg6 Qg8
61. Qa3 Kb7 62. f7 Qa8 63. Qa1 Ka7 64. Be7 Rc8 65. Qg7 Kb7 66. f8=Q Qxa4 67.
Bxd6 Nxd5 68. Qxc8+ Kxc8 69. Qg8+ Bd8 70. Qxd5 Qxb5 71. Qa8+ Kd7 72. Qb7+ 1-0

[Event "MMPONNR"]
[Site "Ogrodniczki k. Bialegostoku"]
[Date "2008.07.22"]
[Round "7.1"]
[White "Gurbanov, Andrei"]
[Black "Smirnov, Aleksander"]
[Result "1/2-1/2"]
[WhiteElo "2181"]
[BlackElo "2241"]
[PlyCount "23"]
[EventDate "2008.??.??"]

1. e4 e5 2. Nf3 Nc6 3. Bc4 Bc5 4. Nc3 Nf6 5. d3 d6 6. Be3 Bb6 7. h3 Be6 8. Bb3
h6 9. O-O O-O 10. Qd2 Re8 11. Rad1 Qd7 12. Rfe1 1/2-1/2

[Event "MMPONNR"]
[Site "Ogrodniczki k. Bialegostoku"]
[Date "2008.07.22"]
[Round "7.2"]
[White "Bieluczyk, Bogdan"]
[Black "Jaworski, Miroslaw"]
[Result "1/2-1/2"]
[WhiteElo "2233"]
[BlackElo "2374"]
[PlyCount "28"]
[EventDate "2008.??.??"]

1. e4 c5 2. Nf3 d6 3. d4 cxd4 4. Nxd4 Nf6 5. Nc3 a6 6. g3 e5 7. Nde2 Nbd7 8.
Bg2 b5 9. h3 Bb7 10. g4 Nc5 11. Ng3 g6 12. Be3 Rc8 13. a3 Ne6 14. Qd2 h5
1/2-1/2

[Event "MMPONNR"]
[Site "Ogrodniczki k. Bialegostoku"]
[Date "2008.07.22"]
[Round "7.3"]
[White "Jurkiewicz, Krzysztof"]
[Black "Lipski, Tadeusz"]
[Result "1/2-1/2"]
[WhiteElo "2188"]
[BlackElo "2140"]
[PlyCount "103"]
[EventDate "2008.??.??"]

1. d4 Nf6 2. c4 e5 3. dxe5 Ng4 4. e4 Nxe5 5. f4 Nec6 6. Be3 Na6 7. Nc3 Bc5 8.
Qd2 d6 9. O-O-O O-O 10. Nf3 Be6 11. Be2 Qe7 12. Rhf1 Rad8 13. Nd4 Nxd4 14. Bxd4
Bxd4 15. Qxd4 f6 16. Rfe1 b6 17. Nd5 Qf7 18. g4 Kh8 19. f5 Bxd5 20. cxd5 Nc5
21. Bb5 a6 22. Bc6 a5 23. h4 Qe7 24. Rd2 Rf7 25. Re3 Qf8 26. g5 Re7 27. Rg2 Re5
28. Kd1 Qe7 29. Rg4 Rb8 30. Bb5 Rf8 31. Ke2 Nb7 32. Kf3 Nd8 33. g6 c5 34. Qd1
hxg6 35. Rxg6 Nf7 36. Kf4 Nh6 37. Qh5 Kh7 38. Bd3 Re8 39. Rxh6+ gxh6 40. Qg6+
Kh8 41. Qxh6+ Qh7 42. Qxf6+ Qg7 43. Qxg7+ Kxg7 44. Rg3+ Kf7 45. Rg6 c4 46. Bc2
Rd8 47. h5 Ree8 48. h6 b5 49. Rg7+ Kf6 50. Rg6+ Kf7 51. Rg7+ Kf6 52. Rg6+
1/2-1/2

[Event "MMPONNR"]
[Site "Ogrodniczki k. Bialegostoku"]
[Date "2008.07.22"]
[Round "7.4"]
[White "Szneider, Kazimierz"]
[Black "Gigon, Stanislaw"]
[Result "1/2-1/2"]
[WhiteElo "1956"]
[BlackElo "1953"]
[PlyCount "35"]
[EventDate "2008.??.??"]

1. d4 Nf6 2. c4 e5 3. dxe5 Ng4 4. Nf3 Nc6 5. Bf4 Bb4+ 6. Nbd2 Qe7 7. e3 Ngxe5
8. Nxe5 Nxe5 9. Be2 Qd6 10. a3 Bxd2+ 11. Qxd2 Qxd2+ 12. Kxd2 d5 13. h3 Be6 14.
Kc3 Ke7 15. Rad1 Rhd8 16. Rd2 f6 17. Rhd1 Rac8 18. Bg3 1/2-1/2

[Event "MMPONNR"]
[Site "Ogrodniczki k. Bialegostoku"]
[Date "2008.07.22"]
[Round "7.5"]
[White "Buzun, Michal"]
[Black "Pela, Edward"]
[Result "1/2-1/2"]
[WhiteElo "1896"]
[BlackElo "1915"]
[PlyCount "32"]
[EventDate "2008.??.??"]

1. e4 c5 2. Nf3 d6 3. d4 cxd4 4. Qxd4 a6 5. c4 Nc6 6. Qd1 g6 7. Bg5 Bg7 8. Qd2
Nf6 9. Nc3 h6 10. Bh4 g5 11. Bg3 Nh5 12. Be2 Nxg3 13. hxg3 Bg4 14. Nd5 e6 15.
Ne3 Bxf3 16. Bxf3 Qa5 1/2-1/2

[Event "MMPONNR"]
[Site "Ogrodniczki k. Bialegostoku"]
[Date "2008.07.22"]
[Round "7.6"]
[White "Cylwik, Zbigniew"]
[Black "Krawczyk, Wieslaw"]
[Result "1-0"]
[WhiteElo "2089"]
[BlackElo "2120"]
[PlyCount "91"]
[EventDate "2008.??.??"]

1. d4 c5 2. e3 Nf6 3. Nf3 g6 4. Be2 Bg7 5. O-O b6 6. c4 Bb7 7. Nc3 O-O 8. d5 d6
9. e4 Nbd7 10. h3 Ne8 11. Be3 e5 12. dxe6 fxe6 13. Qc2 Ne5 14. Nxe5 Bxe5 15.
Rad1 Qh4 16. Bg4 Ng7 17. f4 Qg3 18. Rf3 Qh4 19. fxe5 h5 20. Rxf8+ Rxf8 21. Bf2
Qg5 22. Be2 dxe5 23. Qd2 Qf6 24. Be3 Qh4 25. Bf3 Nf5 26. exf5 Bxf3 27. gxf3
Qxh3 28. Qg2 Qxf5 29. Ne4 Kh8 30. Rd7 Rf7 31. Rxf7 Qxf7 32. Qg5 Kh7 33. Qf6
Qxf6 34. Nxf6+ Kg7 35. Ne4 g5 36. Bxg5 Kg6 37. Kg2 a6 38. Bd8 b5 39. cxb5 axb5
40. Nxc5 Kf5 41. b3 e4 42. fxe4+ Ke5 43. Kf3 Kd6 44. Nd3 Kd7 45. Bf6 e5 46.
Bxe5 1-0

[Event "MMPONNR"]
[Site "Ogrodniczki k. Bialegostoku"]
[Date "2008.07.22"]
[Round "7.7"]
[White "Gorski, Jan"]
[Black "Szydlowski, Wiktor"]
[Result "1/2-1/2"]
[WhiteElo "2100"]
[BlackElo "1850"]
[PlyCount "25"]
[EventDate "2008.??.??"]

1. d4 d5 2. Nf3 Nf6 3. Bg5 e6 4. e3 Be7 5. Bd3 Nbd7 6. O-O c5 7. c3 O-O 8. Nbd2
c4 9. Bc2 g6 10. e4 dxe4 11. Bxe4 Nxe4 12. Bxe7 Qxe7 13. Nxe4 1/2-1/2

[Event "MMPONNR"]
[Site "Ogrodniczki k. Bialegostoku"]
[Date "2008.07.22"]
[Round "7.8"]
[White "Jagiela, Piotr"]
[Black "Flazinski, Jozef"]
[Result "1-0"]
[WhiteElo "1923"]
[BlackElo "2036"]
[PlyCount "43"]
[EventDate "2008.??.??"]

1. c4 e5 2. Nc3 f5 3. g3 Nf6 4. Bg2 c6 5. d3 Bc5 6. e3 O-O 7. Nge2 Kh8 8. O-O
Na6 9. a3 d5 10. d4 exd4 11. exd4 Be7 12. cxd5 cxd5 13. Nf4 Nc7 14. Qb3 Rb8 15.
Re1 Re8 16. Ncxd5 Nfxd5 17. Bxd5 g5 18. Bf7 gxf4 19. Bxf4 Bd7 20. Bxe8 Bxe8 21.
Rxe7 Qd5 22. Be5+ 1-0

[Event "MMPONNR"]
[Site "Ogrodniczki k. Bialegostoku"]
[Date "2008.07.22"]
[Round "7.9"]
[White "Czech, Jan"]
[Black "Swiebocki, Jan"]
[Result "1/2-1/2"]
[WhiteElo "1921"]
[BlackElo "1997"]
[PlyCount "146"]
[EventDate "2008.??.??"]

1. e4 e6 2. d3 d5 3. Nd2 Bd7 4. Ngf3 dxe4 5. Nxe4 Bc6 6. Be3 Nd7 7. Be2 Be7 8.
O-O Ngf6 9. Nxf6+ Bxf6 10. d4 Nb6 11. c3 O-O 12. Qc2 g6 13. Rad1 Qe7 14. Qc1
Bxf3 15. Bxf3 c6 16. h3 Rfd8 17. Qc2 Bg5 18. Qe2 Rd7 19. Be4 Rad8 20. f4 Bh6
21. g3 Nc8 22. Kg2 Re8 23. Bc2 Bg7 24. Rfe1 Qd8 25. h4 h5 26. Rh1 f5 27. Rhe1
Rde7 28. Qf3 Qd5 29. Qxd5 exd5 30. Kf3 Nd6 31. Bd3 Bf6 32. Bf2 Kf7 33. Rxe7+
Rxe7 34. Re1 Ne4 35. Bxe4 fxe4+ 36. Ke3 Ke6 37. c4 Kd6 38. b3 a6 39. a4 Ke6 40.
a5 Rd7 41. c5 Bd8 42. b4 Kf5 43. Rh1 Bf6 44. Rd1 Re7 45. Rg1 Kg4 46. Rd1 Re6
47. Rg1 Bg7 48. Rf1 Bh6 49. Rg1 Kh3 50. Rh1+ Kg4 51. Rg1 Rf6 52. Rg2 Kh3 53.
Rg1 Kh2 54. Rd1 Rf5 55. Re1 Rf7 56. Rd1 Bg7 57. Re1 Kh3 58. Rh1+ Kg4 59. Rd1
Bf8 60. Rh1 Be7 61. Rg1 Bd8 62. Rh1 Bc7 63. Rf1 Kh3 64. Rh1+ Kg2 65. Rg1+ Kh2
66. Rd1 Bd8 67. Rc1 Bf6 68. Rd1 Kh3 69. Rh1+ Kg4 70. Rc1 Kf5 71. Rh1 Re7 72.
Rc1 Kg4 73. Rh1 Re6 1/2-1/2

[Event "MMPONNR"]
[Site "Ogrodniczki k. Bialegostoku"]
[Date "2008.07.22"]
[Round "7.10"]
[White "Wolski, Jerzy"]
[Black "Przybyl, Jozef"]
[Result "1-0"]
[WhiteElo "1961"]
[BlackElo "1935"]
[PlyCount "39"]
[EventDate "2008.??.??"]

1. e4 c5 2. Nf3 e6 3. d4 cxd4 4. Nxd4 a6 5. Bc4 Qc7 6. Bb3 Nc6 7. Be3 Nf6 8.
Nc3 Na5 9. O-O Nxb3 10. cxb3 b5 11. Rc1 Qb7 12. e5 Ne4 13. Qg4 Nxc3 14. Rxc3 g6
15. Rfc1 Kd8 16. Qf4 Be7 17. Qxf7 Qe4 18. Nxe6+ dxe6 19. Bb6+ Kd7 20. Rc7+ 1-0